000 01418nam a2200361 a 4500
999 _c357889
_d357889
001 000000376089
003 IT-MiSPE
005 20180514165943.0
008 091028s2009 it 000 0 ita d
020 _a9788845262883
_c26.50 EUR
040 _aIT-MiSPE
_bita
_cIT-MiSPE
041 1 _aita
_hgrc
082 _a270.008-DIO ar tu (23167)
084 _a32 X
100 0 _aDionysius Areopagita,
_cs.,
_dsec. V/VI.
_957220
240 1 0 _aOpera omnia
245 1 0 _aDionigi Areopagita: tutte le opere /
_cintroduzione di Giovanni Reale ; traduzione di Piero Scazzoso ; revisione di Ilaria Ramelli ; saggio introduttivo, prefazioni, parafrasi, note e indici di Enzo Bellini ; saggio integrativo di Carlo Maria Mazzucchi.
260 _aMilano :
_bBompiani,
_c©2009.
300 _a823 p. ;
_c22 cm
490 1 _aIl pensiero occidentale
504 _aBibliografia (p. [795]-815) e indici
546 _aTraduzione italiana con testo greco a fronte
655 7 _aPatrologia greca
_xDionysius Areopagita, s., sec. V-VI.
_2local
_957221
700 1 _aScazzoso, Piero,
_etr.
_957222
700 1 _aBellini, Enzo.
_957223
700 1 _aMazzucchi, Carlo Maria.
_957224
700 1 _aRamelli, Ilaria,
_d1973-,
_eed.
_957199
700 1 _aReale, Giovanni,
_d1931-2014,
_epr.
_957115
830 3 _aIl pensiero occidentale.
_957173
942 _2ddc
_cBK